00358 2200157 4500001002100000005001500021035002000036245004300056100001800099300000800117260002900125082000800154084001400162990001200176990001200188INLIS00000000000217720250527122746 a0010-05250004691 aLorong ke Pusar Rumah /cArie MP Tamba0 aArie MP Tamba a185 aJakarta :bKompas,c2005 a813 a813 ARI l a0712519 a0712520